000 00620nam a2200181Ia 4500
008 151202s9999||||xx |||||||||||||| ||und||
082 _bPNVM-53985
100 _aदळवी जयवंत.
245 _aकशासाठी पोटासाठी.
260 _b"मॅजेस्टिक बुक स्टॉल,मुंबई."
260 _c1983
300 _a163
600 _aदळवी जयवंत.
630 _aकशासाठी पोटासाठी.
700 _aदळवी जयवंत.
730 _aकशासाठी पोटासाठी.
942 _cBOOK
999 _c1320524
_d1320521